Atmospheric science: an introductory survey (Record no. 82116)
[ view plain ]
| 000 -LEADER | |
|---|---|
| fixed length control field | 00808nam a22002657a 4500 |
| 003 - CONTROL NUMBER IDENTIFIER | |
| control field | CBULib |
| 005 - DATE AND TIME OF LATEST TRANSACTION | |
| control field | 20240828104018.0 |
| 008 - FIXED-LENGTH DATA ELEMENTS--GENERAL INFORMATION | |
| fixed length control field | 230914b |||||||| |||| 00| 0 eng d |
| 020 ## - INTERNATIONAL STANDARD BOOK NUMBER | |
| International Standard Book Number | 9780127329512 |
| 040 ## - CATALOGING SOURCE | |
| Language of cataloging | English |
| Transcribing agency | CBULib |
| Description conventions | rda |
| 041 ## - LANGUAGE CODE | |
| Language code of text/sound track or separate title | eng |
| 050 ## - LIBRARY OF CONGRESS CALL NUMBER | |
| Classification number | QC 861.3 Wal |
| 100 ## - MAIN ENTRY--PERSONAL NAME | |
| 9 (RLIN) | 744 |
| Personal name | Wallace, John M. |
| 245 ## - TITLE STATEMENT | |
| Title | Atmospheric science: an introductory survey |
| Statement of responsibility, etc | / by John M. Wallace; Peter V. Hoobs |
| 250 ## - EDITION STATEMENT | |
| Edition statement | second edition |
| 260 ## - PUBLICATION, DISTRIBUTION, ETC. (IMPRINT) | |
| Place of publication, distribution, etc | London: |
| Name of publisher, distributor, etc | Elsevier, |
| Date of publication, distribution, etc | [2006] |
| 300 ## - PHYSICAL DESCRIPTION | |
| Extent | xvi,483 pages: illustrations |
| 336 ## - CONTENT TYPE | |
| Source | rdacontent |
| Content type term | Text | |
| Content type code | txt |
| 337 ## - MEDIA TYPE | |
| Source | rdamedia |
| Media type term | Unmediated | |
| Media type code | n |
| 338 ## - CARRIER TYPE | |
| Source | rdacarrier |
| Carrier type term | Volume |
| Carrier type code | nc |
| 504 ## - BIBLIOGRAPHY, ETC. NOTE | |
| Bibliography, etc | Includes Index |
| 650 #0 - SUBJECT ADDED ENTRY--TOPICAL TERM | |
| Source of heading or term | Library of congress |
| 9 (RLIN) | 747 |
| Topical term or geographic name as entry element | METEOROLOGY--TEXTBOOKS |
| 700 ## - ADDED ENTRY--PERSONAL NAME | |
| 9 (RLIN) | 748 |
| Personal name | Hobbs, Peter V. |
| 942 ## - ADDED ENTRY ELEMENTS (KOHA) | |
| Source of classification or shelving scheme | |
| Koha item type | MONOGRAPH |
| Withdrawn status | Lost status | Source of classification or shelving scheme | Damaged status | Not for loan | Collection code | Permanent Location | Current Location | Shelving location | Date acquired | Source of acquisition | Cost, normal purchase price | Total Checkouts | Full call number | Barcode | Date last seen | Copy number | Price effective from | Koha item type |
|---|---|---|---|---|---|---|---|---|---|---|---|---|---|---|---|---|---|---|
| Mpika Library Collection | CBU-MPIKA LIBRARY, MPIKA CAMPUS. | CBU-MAIN LIBRARY, KITWE. | General Stacks | 09/14/2023 | DON-BOOKAID | 61.00 | QC 861.3 Wal | 752266 | 09/14/2023 | 1 | 09/14/2023 | MONOGRAPH | ||||||
| Mpika Library Collection | CBU-MPIKA LIBRARY, MPIKA CAMPUS. | CBU-MAIN LIBRARY, KITWE. | General Stacks | 09/14/2023 | DON-BOOKAID | 61.00 | QC 861.3 Wal | 752267 | 09/14/2023 | 2 | 09/14/2023 | MONOGRAPH | ||||||
| CBU-Lusaka Campus | CBU- LUSAKA CAMPUS | CBU-MAIN LIBRARY, KITWE. | General Stacks | 08/28/2024 | DON-BOOKAID | 61.00 | QC 861.3 Wal | 752265 | 08/28/2024 | 3 | 08/28/2024 | MONOGRAPH | ||||||
| CBU-Lusaka Campus | CBU- LUSAKA CAMPUS | CBU-MAIN LIBRARY, KITWE. | General Stacks | 08/28/2024 | DON-BOOKAID | 61.00 | QC 861.3 Wal | 752268 | 08/28/2024 | 4 | 08/28/2024 | MONOGRAPH |